Quizzes
Events
Quiz Creation
Community
Videos
Private Events
Remove Ads
Sign In
Join for FREE
Feedback
Dark Mode
Quiz Categories
Sports
Geography
Music
Movies
Television
Just For Fun
Miscellaneous
History
Literature
Language
Science
Gaming
Entertainment
Religion
Holiday
For Kids
Quiz Lab
Recent
Popular Today
Quiz Kudos Today
Editor Picks
Curator Picks
Quizzes by...
Day
Popularity
Type
Ratings
Length
Year
Community
Subscriptions
Recent Discussions
Orange Saloon
Badges
Playlists
Quests
Create
Leaderboards
Showdown
Live 5
Trivia Bingo
Activity
Puzzle Library
Sporcle Events
Private Events
Virtual Trivia
Globe League
Become a Host
Pub Owners
SporcleCon
Opinionation
Our Games
Videos
Blog
Mobile Apps
Partnerships
Remove Ads and Go Orange
Feedback
Just For Fun
Clickable
Get the Picture
Humor
Quick Pick
Word Ladder
Missing Word
Mixed Word
Blitz
Minefield
This or That
Alphabet
Color
Typing
Sporcle
Puzzle
Word Play
Follow That Line
Logic
Just For Fun
Clickable
Get the Picture
Humor
Quick Pick
Word Ladder
Missing Word
Mixed Word
Blitz
Minefield
This or That
Alphabet
Color
Typing
Sporcle
Puzzle
Word Play
Follow That Line
Logic
Random Quiz
Search Sporcle
×
Quiz Lab
Quiz Lab
Just For Fun
Mickey Mouse
Type in answers that appear in a list
Type in answers that appear in a list
Classic
Best Score? Go Orange.
Mickey Mouse Clubhouse Theme Song Stats
Do you know the words to the Mickey Mouse Clubhouse cartoon theme song?
By
vesearl
3m
80 Questions
341 Plays
341 Plays
341 Plays
Comments
Comments
Give Quiz Kudos
Give Quiz Kudos
-
- Ratings
hide this ad
More Info
Replay
Link that replays current quiz
Next Quiz
Link to next quiz in quiz playlist
You Got
0%
They Got
Avg Score
80%
Avg Friend Score
Upgrade to see
Score Distribution
Jump to the score distribution portion of the page
Score
0/80
Timer
03:00
0
Plays Today
Hint
Answer
% Correct
I
97.7%
I
97.7%
I
97.7%
M
97.1%
M
97.1%
M
97.1%
M
97.1%
M
97.1%
M
97.1%
C
96.8%
C
96.8%
C
96.8%
K
95.3%
K
95.3%
K
95.3%
E
95%
E
95%
E
95%
E
95%
E
95%
E
95%
Y
94.7%
Y
94.7%
Y
94.7%
O
93.8%
O
93.8%
O
93.8%
U
93.3%
U
93.3%
U
93.3%
S
92.7%
S
92.7%
S
92.7%
the
86.8%
the
86.8%
the
86.8%
86.8%
Mickey
83.3%
Mickey
83.3%
Mickey
83.3%
Hint
Answer
% Correct
Mickey
83.3%
Mouse
81.8%
Mouse
81.8%
Mouse
81.8%
It's
81.5%
It's
81.5%
it's
81.5%
It's
81.5%
It's
81.5%
it's
81.5%
Clubhouse
78.6%
Clubhouse
78.6%
Clubhouse
78.6%
inside
74.2%
inside
74.2%
inside
74.2%
inside
74.2%
Come
73.3%
fun
73.3%
Come
73.3%
fun
73.3%
Donald
70.7%
Daisy
68.6%
Goofy
67.4%
Here
65.4%
Here
65.4%
here
65.4%
here
65.4%
Minnie
63.9%
call
62.2%
roll
61%
Pluto
60.7%
me
60.4%
Present
53.7%
Right
47.2%
ruff
35.8%
ruff
35.8%
ruff
35.8%
Hi
34%
Hyuck
33.7%
Quiz Playlist
Details
Report
Send in Message
Add To Playlist
More Info:
This is for the newer cartoon show.
Classic:
Type in answers that appear in a list
Last Updated: Feb 16, 2017
Quiz Scoreboard
CHALLENGE
Sign Up to Join the Scoreboard
Show All
Scores
Hide
Comments
May contain spoilers
Recently Published
Presidents Visiting Landmarks
by Hejman
History
7m
An Introduction to Baseball
by treessimontrees
Sports
5m
Movies - When Are They Set?
by FPL_Elf
Movies
5m
More to Explore
Quiz From the Vault
Featured Blog Post
Where Did the Easter Bunny Come From?
hide this ad
You Might Also Like...
Tags
Mickey
Mickey Mouse
Today's Top Quizzes in Just For Fun
Browse Just For Fun
hide this ad
Today's Top Quizzes in Mickey Mouse
Browse Mickey Mouse
Top Contributed Quizzes in Just For Fun
1
Crossword Whiteout! 49
2
Killer Double Trees 224 - Colour Match-Up
3
Harry Potter Logic - 'In Chains' II
4
Spring Typing Challenge
5
Survivor Winners Logic Puzzle
6
Zeroing In: Just For Fun
7
Word Ladder: Ahoy Matey
8
Edinburgh Fringe jokes 2015
9
Thermometer Puzzle 25
10
Aquarium Logic Puzzle 17
Explore More
Trending Topics
Marvel
Kpop
Anime
Disney
NBA
Crossword
Harry Potter
Country
WWE
The Office
Soccer
Pokémon
Puzzle
Song
NFL
hide this ad
More By:
vesearl
Quiz
Plays
Rating
Category
Featured
Created
Northeast US States
1,901
5.00
Geography
Dec 11, 2016
Character names in Fuller House
1,787
3.00
Television
Mar 7, 2016
Midwest U.S. States & Capitals
1,213
2.67
Geography
Jan 22, 2017
Mickey Mouse Clubhouse Theme Song
341
Just For Fun
Jan 15, 2016
Neil Diamond- Lyrics
221
4.50
Music
Jan 25, 2015
Go to Creator's Profile
Score Distribution
Quiz Creator Spotlight
vesearl
Follow
Send a Message
Quizzes Created
-
Created Quiz Play Count
-
More By This Creator
Popular Quizzes Today
1
Find the US States - No Outlines Minefield
2
Find the Countries of Europe - No Outlines Minefield
3
The Countries of the World
4
Popular People in 1961
5
Find the US States
6
US States
7
Risky Map Clicking: Biggest States A-Z
8
1-10 Letter E Words III
More Just For Fun Quizzes
Word Ladder: Old Glory
Published
Trending Quizzes
Risky Map Clicking: Least Populous States A-Z
1-10 Letter G Words
1-10 Letter F Words
One Thing in Common: United Kingdom
Risky Map Clicking: Next State Alphabetically
Recently Updated
Leaping Animals
pecheneg
Reality TV Shows (A-Z)
bhenderson79
Rickey Henderson's Hall of Fame Teammates
pecheneg
Champions League XIs: Arsenal
pecheneg
Quick Pick: Celebrities in WWE's Hall of Fame
aduchscher
A-Z Keypad Blitz II
pecheneg
Multiple Oscar Actors
pecheneg
Mystery Phrase Blitz: Oscar 'Best Actors'
pecheneg
F. Scott Fitzgerald Novels
LTH
Pick 3 Villains
ddd62291
Trending Topics
Anime
Crossword
Disney
Harry Potter
Kpop
Marvel
NBA
Country
Puzzle
NFL
WWE
Soccer
Song
Pokémon
The Office
Your Account Isn't Verified!
In order to create a playlist on Sporcle, you need to verify the email address you used during registration. Go to your
Sporcle Settings
to finish the process.
Report this User
Report this user for behavior that violates our
Community Guidelines
.
Details:
Send Report
Go to the Sporcle.com Mobile Site →
Comments